01070cam a22002291 4500001001300000003000400013005001700017008004100034010001700075035001900092040002600111042001200137050002400149100003600173245025500209260011200464300003300576440007700609650003100686700010600717999001700823sa 64008039 DLC20260227112051.0750604s1960 ii a f000 0 eng  asa 64008039  a(OCoLC)1372583 aDLCcNSyUdOCoLCdDLC apremarc00aLA1151b.A28 vol. 11 aMonteath, Alexander M.,d-1893.10aEducational reports, 1859-71, being two notes on the state of education in India,ccompiled by A.M. Monteath in 1862 and 1867, and part two of Education in British India prior to 1854, and in 1870-1871, by A.P. Howell. With a foreword by Prem Kirpal. aDelhi,bPublished for the National Archives of India by the Manager of Publications, Govt. of India,c1960. axiii, 584 p.billus.c25 cm. 0aSelections from the educational records of the Government of India,vv.1 0aEducationzIndiaxHistory.1 aHowell, Arthur Pearse,d1883 or 1884-1911.tEducation in British India prior to 1854, and in 1870-71. c60650d60650